000
00337nam a2200145Ia 4500
008
230211s9999 xx 000 0 und d
020
_a
81-7023-030-6
041
_a
eng
082
_a
658
100
_a
Drucker P F
_9
106321
245
_a
Practice Of Management
260
_b
Allied Publication
_c
2000
300
_a
404p
906
_b
20.0
999
_c
98147
_d
98147